000 01037nam a22003377a 4500
003 CHAP
005 20220817042654.0
008 971013s1960 r 00010 d
010 _a51775
011 _a52747
035 _a56897
040 _cCHAP
090 _aFolleto 5608
100 0 0 _aSánchez Belda, Antonio.
_9107362
245 _aInstalación para ordeño de ovejas
260 _aMadrid :
_bMinisterio de Agricultura,
_c1960
300 _a16 p.
_b: ilus.
490 _aHojas divulgadoras
_v; 18-60
590 _aBATCH-UPD
_b10
_c20130110
_lUCH01
_h0352
590 _aBATCH-UPD
_b10
_c20130110
_lUCH01
_h2107
590 _aBATCH-UPD
_b10
_c20130410
_lUCH01
_h0025
590 _aBATCH-UPD
_b10
_c20130914
_lUCH01
_h1037
590 _aCONVERSION
_b10
_c20130109
_lUCH01
_h1328
650 1 4 _aConstrucciones rurales.
_927378
650 1 4 _aGanado lanar.
_945150
650 1 4 _aOrdeño.
_983427
830 0 _aHojas divulgadoras
_v; 18-60
901 _aBK
942 _cFOLL
949 _aFolleto 5608
_bBC
_cFOLL
_d-124049
_eTS1
_i56897
_mD
_si
999 _c51775
_d51775